000 00828nam a2200277Ia 4500
003 OSt
005 20220927105353.0
006 a|||||r|||| 00| 0
007 ta
008 220926b |||||||| |||| 00| 0 eng d
020 _a9780822366683
024 _a183277
037 _cReference Collections
040 _aRTL
_cRTL
_beng
041 _2eng
_aeng
082 _a"X:1.P, P6"
100 _aMirowski Philip
_9372026
245 0 _aAgreement on demand
_b Consumer theory in the twentieth century.
260 _aDurham
_bDuke University Press
_c2006
300 _a406p
_ccm.
490 _a"History of Political Economy, 38"
500 _aBibliography chapterwise
700 _a Hands D Wade
_9372027
942 _h"X:1.P, P6"
_cCC
999 _c692174
_d692174